<?xml version="1.0" encoding="UTF-8"?>
<collection xmlns="http://www.loc.gov/MARC21/slim">
 <record>
  <leader>     na                 </leader>
  <controlfield tag="001">INLIS000000000698054</controlfield>
  <controlfield tag="005">20251230042003</controlfield>
  <datafield tag="035" ind1=" " ind2=" ">
   <subfield code="a">0010-0925000004</subfield>
  </datafield>
  <controlfield tag="007">ta</controlfield>
  <controlfield tag="008">251230                g          1 ind  </controlfield>
  <datafield tag="040" ind1=" " ind2=" ">
   <subfield code="a">JIPUBAY</subfield>
  </datafield>
  <datafield tag="100" ind1="0" ind2=" ">
   <subfield code="a">Satria Pujangga</subfield>
  </datafield>
  <datafield tag="245" ind1="1" ind2=" ">
   <subfield code="a">Lembayung Sak Unting :</subfield>
   <subfield code="b">Kumpulan Cerita Cendhek Basa Using /</subfield>
   <subfield code="c">Satria Pujangga; Penyunting, Antariksawan Jusuf dan Yusup Khoiri</subfield>
  </datafield>
  <datafield tag="250" ind1=" " ind2=" ">
   <subfield code="a">Cet. 1</subfield>
  </datafield>
  <datafield tag="300" ind1=" " ind2=" ">
   <subfield code="a">vii, 125 hlm. ;</subfield>
   <subfield code="c">21 cm</subfield>
  </datafield>
  <datafield tag="020" ind1=" " ind2=" ">
   <subfield code="a">978-623-89818-3-0</subfield>
  </datafield>
  <datafield tag="260" ind1=" " ind2=" ">
   <subfield code="a">Banyuwangi :</subfield>
   <subfield code="b">Dinas Perpustakaan dan Kearsipan Kabupaten Banyuwangi,</subfield>
   <subfield code="c">2025</subfield>
  </datafield>
  <datafield tag="650" ind1=" " ind2="4">
   <subfield code="a">Kesusastraan -- Kumpulan -- Cerita pendek</subfield>
  </datafield>
  <datafield tag="850" ind1=" " ind2=" ">
   <subfield code="a">JIPUBAY</subfield>
  </datafield>
  <datafield tag="520" ind1=" " ind2=" ">
   <subfield code="a">Buku ini hadir sebagai salah satu upaya dalam melestarikan dan mengembangkan bahasa Using, yang merupakan identitas budaya masyarakat Banyuwangi. Melalui kumpulan cerita pendek ini, kita dapat merasakan kekuatan bahasa Using dalam menyampaikan pesan moral, menggambarkan kearifan lokal, serta memperkaya wawasan budaya kita.</subfield>
  </datafield>
  <datafield tag="082" ind1=" " ind2=" ">
   <subfield code="a">808.839 922 3</subfield>
  </datafield>
  <datafield tag="084" ind1=" " ind2=" ">
   <subfield code="a">808.839 922 3 SAT l</subfield>
  </datafield>
  <datafield tag="990" ind1=" " ind2=" ">
   <subfield code="a">02709/DPKBWI/2025</subfield>
  </datafield>
 </record>
</collection>
